000
00307nam a22001217a 4500
020
_a
0078308194
082
_2
22
_a
005.446
100
_a
Ecklund, eric.
245
_a
Windows XP : a comprehensive approach /
260
_b
Glencoe Mc Graw- Hill,
_c
c2002
300
_a
xvi,352 p, ;
_b
NA
_c
24 cm.
942
_2
ddc
_c
IT
999
_c
3723
_d
3723